Statistics for NBA Best Power Forward per Franchise

Click here to take the quiz!

General Stats

  • This quiz has been taken 49 times
  • The average score is 19 of 30

Answer Stats

HintAnswer% Correct
Minnesota TimberwolvesKevin Garnett
93%
San Antonio SpursTim Duncan
91%
Miami Heat | Toronto RaptorsChris Bosh
89%
Los Angeles Lakers | Memphis GrizzliesPau Gasol
84%
Utah JazzKarl Malone
84%
Dallas MavericksDirk Nowitzki
82%
Boston CelticsKevin McHale
82%
Houston Rockets | Philadelphia 76ers | Phoenix SunsCharles Barkley
76%
Los Angeles ClippersBlake Griffin
76%
Chicago BullsBob Love
69%
Cleveland CavaliersKevin Love
69%
Detroit PistonsDennis Rodman
69%
New Orleans HornetsAnthony Davis
67%
Sacramento KingsChris Webber
64%
Oklahoma City ThunderShawn Kemp
58%
Atlanta HawksBob Pettit
58%
Milwaukee BucksGiannis Antetokounmpo
58%
Charlotte HornetsLarry Johnson
58%
Portland Trail BlazersLamarcus Aldridge
53%
Washington WizardsElvin Hayes
51%
Orlando MagicHorace Grant
47%
Brooklyn NetsBuck Williams
47%
Golden State WarriorsNate Thurmond
31%
Indiana PacersGeorge McGinnis
9%
New York KnicksHarry Gallatin
2%
Denver NuggetsByron Beck
2%

Score Distribution

Percentile by Number Answered

Percent of People with Each Score

Your Score History

You have not taken this quiz